Delta-doping of semiconductors. (Record no. 7644)
[ view plain ]
| 000 -LEADER | |
|---|---|
| fixed length control field | 00628 a2200229 4500 |
| 003 - CONTROL NUMBER IDENTIFIER | |
| control field | OSt |
| 005 - DATE AND TIME OF LATEST TRANSACTION | |
| control field | 20220121133505.0 |
| 008 - FIXED-LENGTH DATA ELEMENTS--GENERAL INFORMATION | |
| fixed length control field | 220121b ||||| |||| 00| 0 eng d |
| 020 ## - INTERNATIONAL STANDARD BOOK NUMBER | |
| International Standard Book Number | 0521482887 |
| 028 ## - PUBLISHER NUMBER | |
| Publisher number | Cambridge University |
| 040 ## - CATALOGING SOURCE | |
| Language of cataloging | DDC |
| Transcribing agency | MUST |
| Modifying agency | MUST |
| 050 ## - LIBRARY OF CONGRESS CALL NUMBER | |
| Classification number | 537.6223 |
| Item number | DEL 1996 |
| 082 ## - DEWEY DECIMAL CLASSIFICATION NUMBER | |
| Classification number | 537.6223 DEL 1996 |
| 100 ## - MAIN ENTRY--PERSONAL NAME | |
| Personal name | Edited by: Schubert E.F |
| 9 (RLIN) | 15630 |
| 245 ## - TITLE STATEMENT | |
| Title | Delta-doping of semiconductors. |
| 250 ## - EDITION STATEMENT | |
| Edition statement | 1st ed. |
| 260 ## - PUBLICATION, DISTRIBUTION, ETC. (IMPRINT) | |
| Place of publication, distribution, etc. | New york. |
| Name of publisher, distributor, etc. | Press syndicate. |
| Date of publication, distribution, etc. | 1996 |
| 300 ## - PHYSICAL DESCRIPTION | |
| Extent | x, 604p: |
| Other physical details | ill, |
| Dimensions | 26cm, |
| 504 ## - BIBLIOGRAPHY, ETC. NOTE | |
| Bibliography, etc | Includes: References and Index. |
| 650 ## - SUBJECT ADDED ENTRY--TOPICAL TERM | |
| Topical term or geographic name as entry element | Physics |
| 9 (RLIN) | 809 |
| 942 ## - ADDED ENTRY ELEMENTS (KOHA) | |
| Source of classification or shelving scheme | Dewey Decimal Classification |
| Koha item type | Book |
| Withdrawn status | Lost status | Source of classification or shelving scheme | Damaged status | Not for loan | Home library | Current library | Date acquired | Source of acquisition | Inventory number | Total Checkouts | Full call number | Barcode | Date last seen | Price effective from | Koha item type |
|---|---|---|---|---|---|---|---|---|---|---|---|---|---|---|---|
| Dewey Decimal Classification | MUST Main Library | MUST Main Library | 21/01/2022 | purchase | 05/24957 | 537.6223 DEL 1996 | 2022-0095 | 21/01/2022 | 21/01/2022 | Book | |||||
| Dewey Decimal Classification | MUST Main Library | MUST Main Library | 21/01/2022 | purchase | 05/24956 | 537.6223 DEL 1996 | 2022-0096 | 21/01/2022 | 21/01/2022 | Open Shelf |
